TEXTBOOK OF PHARMACEUTICS-I (Record no. 33059)

MARC details
000 -LEADER
fixed length control field 00319nam a22001457a 4500
003 - CONTROL NUMBER IDENTIFIER
control field SGT
020 ## - INTERNATIONAL STANDARD BOOK NUMBER
International Standard Book Number 938426618-3
082 ## - DEWEY DECIMAL CLASSIFICATION NUMBER
Classification number 615
Item number AGA
100 ## - MAIN ENTRY--PERSONAL NAME
Personal name AGARWAL, DR. S.P.
245 ## - TITLE STATEMENT
Title TEXTBOOK OF PHARMACEUTICS-I
260 ## - PUBLICATION, DISTRIBUTION, ETC. (IMPRINT)
Place of publication, distribution, etc INDIA
Name of publisher, distributor, etc BIRLA PUB.
Year of Publication 2024
300 ## - PAGE DESCRIPTION
No. of Pages 216
650 ## - SUBJECT ADDED ENTRY--TOPICAL TERM
Topical term or geographic name as entry element PHARMACEUTICS
942 ## - ADDED ENTRY ELEMENTS (KOHA)
Source of classification or shelving scheme Dewey Decimal Classification
Koha item type Books
Holdings
Withdrawn status Lost status Source of classification or shelving scheme Damaged status Not for loan Collection code Home library Current library Shelving location Date acquired Vendor Name Cost, normal purchase price SGTU Bill Number Total Checkouts Full call number Accession No. (Barcode) Date last seen Bill Date Koha item type
    Dewey Decimal Classification     SCIENCE SGT Science & Social Sciences Library SGT Science & Social Sciences Library Text Book 31/10/2025 ABC 250.00 SGTU 21721   615 AGA DP1471 31/10/2025 17/09/2025 Books
    Dewey Decimal Classification     SCIENCE SGT Science & Social Sciences Library SGT Science & Social Sciences Library Text Book 31/10/2025 ABC 250.00 SGTU 21721   615 AGA DP1472 31/10/2025 17/09/2025 Books
    Dewey Decimal Classification     SCIENCE SGT Science & Social Sciences Library SGT Science & Social Sciences Library Text Book 31/10/2025 ABC 250.00 SGTU 21721   615 AGA DP1473 31/10/2025 17/09/2025 Books
    Dewey Decimal Classification     SCIENCE SGT Science & Social Sciences Library SGT Science & Social Sciences Library Text Book 31/10/2025 ABC 250.00 SGTU 21721   615 AGA DP1474 31/10/2025 17/09/2025 Books
    Dewey Decimal Classification     SCIENCE SGT Science & Social Sciences Library SGT Science & Social Sciences Library Text Book 31/10/2025 ABC 250.00 SGTU 21721   615 AGA DP1475 31/10/2025 17/09/2025 Books